01327nam a2200337 i 450000100060000000300090000600500170001500800390003201500170007104000280008804100130011608000100012910000450013924500700018424600380025426000470029230000670033933600270040633700540043333800280048738000170051550001060053250000600063858000250069865800220072365800510074565800130079665000130080971000690082285600980089113716KOSZ 00520191214090757.0120312s1954 pl a g 000 0 pol aPB 1954/7695 aWA NcWA NdKOSZ 005/RW1 apolhrus a335.51 aLenin, Włodzimierzd(1870-1924).eAutor10aDzieła.nT. 13,pCzerwiec 1907 - kwiecień 1908 /cW. I. Lenin.1 iTytuł oryginału:aSočineniâ aWarszawa :b"Książka i Wiedza",c1954. aVIII, 531, [1] stron, [4] karty tablic :bilustracje ;c20 cm. aTekstbtxt2rdacontent aBez urządzenia pośredniczącegobn2rdamedia aWoluminbnc2rdacarrier aKsiążki. aPrzekład z 4 wydania rosyjskiego przygotowanego przez Instytut Marksa-Engelsa-Lenina przy KC WKP(b). aWydanie polskie drukuje się na mocy uchwały KC PZPR. aT. 1 poz. 3912/1950. aFilozofia i etyka aPolityka, politologia, administracja publiczna aHistoria 4aMarksizm2 aSpółdzielnia Wydawniczo-Handlowa "Książka i Wiedza"4pbl. uhttp://koha.tu.koszalin.pl/cgi-bin/koha/opac-detail.pl?biblionumber=13716yKatalog online BPK